Представление документа в формате MARC21

ПолеНазваниеЗначение
  Тип записи a
  Библиографический уровень m
001 Контрольный номер RU\infra-m\znanium\bibl\2226296
005 Дата корректировки 20260429142111.3
008 Кодируемые данные 250915s2025 RU g rus u
020 Индекс ISBN __
a ISBN 978-5-9729-2576-6
040 Источник каталогиз. __
a Служба первич. каталог. Общество с ограниченной ответственностью «ЗНАНИУМ»
041 Код языка издания __
a Код языка текста rus
044 Код страны публикации __
a Код страны публикации RU
080 Индекс УДК __
a Индекс УДК 621
084 Индекс другой классификации/Индекс ББК __
2 Источник индекса rubbk
a Индекс другой классификации/Индекс ББК 32
084 Индекс другой классификации/Индекс ББК __
2 Источник индекса okso
a Индекс другой классификации/Индекс ББК 10.05.02
084 Индекс другой классификации/Индекс ББК __
2 Источник индекса okso
a Индекс другой классификации/Индекс ББК 11.03.02
100 Автор __
a Автор Коптев Д.С.
q Полное имя Коптев Дмитрий Сергеевич
u Дополнение Юго-Западный государственный университет
245 Заглавие __
a Заглавие Метрологическое обеспечение средств измерений в телекоммуникационных системах
b Продолж. заглавия Учебное пособие
c Ответственность Юго-Западный государственный университет
250 Сведения об издании __
a Основные сведения об издании 1
260 Выходные данные __
a Место издания Вологда
b Издательство Инфра-Инженерия
c Дата издания 2025
300 Физическое описание __
a Объем 504 с.
520 Аннотация __
a Аннотация Рассматриваются теоретические принципы метрологического обеспечения средств измерений параметров телекоммуникационных систем структурно-функциональные схемы средств измерений электрических и неэлектрических величин их основные характеристики достоинства и недостатки. Для студентов обучающихся по направлению подготовки 11.03.02 и специальности 10.05.02 всех форм обучения. Может быть полезно для аспирантов и преподавателей вузов специализирующихся в области метрологии разработки и эксплуатации средств измерений в области телекоммуникаций.
521 Примеч. о цел. назн. __
a Примеч. о целев. назн. ВО - Бакалавриат
650 Тематические рубрики __
a Основная рубрика Общетехнические дисциплины
x Основная подрубрика Метрология
655 Указ. предметных рубрик (устаревшее) __
a Жанр/ форма (устаревшее) Учебное пособие
856 Электронный адрес документа 4_
a Имя сервера/домена znanium.ru
m Помощь ebs_support@infra-m.ru
n Местонахождение сервера НИЦ ИНФРА-М
u URL https://znanium.ru/catalog/document?id=469831
856 Электронный адрес документа 48
a Имя сервера/домена znanium.ru
d Путь /cover/2226
f Электронное имя 2226296.jpg
q Тип электронного формата image/jpeg
u URL https://znanium.ru/cover/2226/2226296.jpg
911 __
u 0030=https://znanium.ru/catalog/document?id=469831